| 000 | 02157nam a2200433 i 4500 | ||
|---|---|---|---|
| 001 | ebr10819433 | ||
| 003 | CaPaEBR | ||
| 006 | m o d | ||
| 007 | cr cn||||||||| | ||
| 008 | 080827s2008 sz a ob 001 0 eng|d | ||
| 020 | _z9783039116898 (alk. paper) | ||
| 020 | _a9783035106640 (e-book) | ||
| 040 |
_aCaPaEBR _beng _erda _epn _cCaPaEBR |
||
| 035 | _a(OCoLC)865021669 | ||
| 050 | 1 | 4 |
_aPE2751 _b.G78 2008eb |
| 082 | 0 | 4 |
_a427.009 _222 |
| 100 | 1 | _aGuido, Maria Grazia. | |
| 245 | 1 | 0 |
_aEnglish as a Lingua Franca in cross-cultural immigration domains / _cMaria Grazia Guido. |
| 264 | 1 |
_aBern ; _aNew York : _bPeter Lang, _c2008. |
|
| 300 |
_a1 online resource (298 pages) : _billustrations. |
||
| 336 |
_atext _2rdacontent |
||
| 337 |
_acomputer _2rdamedia |
||
| 338 |
_aonline resource _2rdacarrier |
||
| 490 | 1 |
_aLinguistic insights, _x1424-8689 ; _vvolume 84 |
|
| 504 | _aIncludes bibliographical references (pages 255-275) and index. | ||
| 505 | 0 | _apart one. Domain-specific issues in interactions with asylum seekers -- part two. Conversation analysis of immigration-advice encounters -- part three. Community mediation in pedagogic contexts. | |
| 588 | _aDescription based on print version record. | ||
| 590 | _aElectronic reproduction. Palo Alto, Calif. : ebrary, 2014. Available via World Wide Web. Access may be limited to ebrary affiliated libraries. | ||
| 650 | 0 |
_aEnglish language _xVariation _zEnglish-speaking countries. |
|
| 650 | 0 |
_aEnglish language _xVariation _zForeign countries. |
|
| 650 | 0 |
_aIntercultural communication _zEnglish-speaking countries. |
|
| 650 | 0 |
_aEnglish language _xGlobalization. |
|
| 650 | 0 | _aLanguage and culture. | |
| 655 | 0 | _aElectronic books. | |
| 776 | 0 | 8 |
_iPrint version: _aGuido, Maria Grazia. _tEnglish as a Lingua Franca in cross-cultural immigration domains. _dBern : Peter Lang, 2008 _h285 pages ; 23 cm. _kLinguistic insights ; volume 84 _x1424-8689 ; _z9783039116898 _w(DLC)10819433 |
| 797 | 2 | _aebrary. | |
| 830 | 0 |
_aLinguistic insights ; _vv. 84. |
|
| 856 | 4 | 0 |
_uhttp://site.ebrary.com/lib/rucke/Doc?id=10819433 _zAn electronic book accessible through the World Wide Web; click to view |
| 999 |
_c79437 _d79437 |
||